000 00343nam a2200133Ia 4500
008 191201s2004 xx 000 0 und d
082 _a620.001
_bRAE
100 _aRao
245 0 _aEngineering optimization Theory and Practice
260 _aN.Delhi
_bNewage International Pub
_c2004
300 _a903
650 _aB.Tech(IT)
942 _2ddc
_cBK
999 _c2780
_d2780